| 000 | 00573nam a22001817a 4500 | ||
|---|---|---|---|
| 999 |
_c13187 _d13187 |
||
| 003 | AR-CdUCM | ||
| 008 | 190411b ||||| |||| 00| 0 spa d | ||
| 040 |
_aMUNICIPALIDAD PROVINCIAL DEL CUSCO _cBIBLIOTECA MUNICIPAL DEL CUSCO |
||
| 082 |
_a891.74 / _bSA16 / 1953 |
||
| 100 |
_aSakrutkin, V. _931423 |
||
| 245 |
_aLa Stanitsa flotante : _bNovela / |
||
| 260 |
_aMontevideo : _bEdiciones Pueblos Unidos, _c1953. |
||
| 300 |
_a285 páginas ; _c19 cm. |
||
| 505 | _aContenido: Novela. | ||
| 650 |
_aLiteratura Rusa _910457 |
||
| 942 |
_2ddc _cLIBROS |
||
| 945 |
_aachl _d2019-04-11 |
||